|
|
|
|
| LEADER |
03760nam a2200565 4500 |
| 001 |
978-3-030-16581-9 |
| 003 |
DE-He213 |
| 005 |
20191024062406.0 |
| 007 |
cr nn 008mamaa |
| 008 |
190604s2019 gw | s |||| 0|eng d |
| 020 |
|
|
|a 9783030165819
|9 978-3-030-16581-9
|
| 024 |
7 |
|
|a 10.1007/978-3-030-16581-9
|2 doi
|
| 040 |
|
|
|d GrThAP
|
| 050 |
|
4 |
|a S1-S972
|
| 072 |
|
7 |
|a TVB
|2 bicssc
|
| 072 |
|
7 |
|a TEC003000
|2 bisacsh
|
| 072 |
|
7 |
|a TVB
|2 thema
|
| 082 |
0 |
4 |
|a 630
|2 23
|
| 245 |
1 |
0 |
|a Sustainable Agriculture Reviews 36
|h [electronic resource] :
|b Chitin and Chitosan: Applications in Food, Agriculture, Pharmacy, Medicine and Wastewater Treatment /
|c edited by Grégorio Crini, Eric Lichtfouse.
|
| 250 |
|
|
|a 1st ed. 2019.
|
| 264 |
|
1 |
|a Cham :
|b Springer International Publishing :
|b Imprint: Springer,
|c 2019.
|
| 300 |
|
|
|a IX, 428 p. 40 illus.
|b online resource.
|
| 336 |
|
|
|a text
|b txt
|2 rdacontent
|
| 337 |
|
|
|a computer
|b c
|2 rdamedia
|
| 338 |
|
|
|a online resource
|b cr
|2 rdacarrier
|
| 347 |
|
|
|a text file
|b PDF
|2 rda
|
| 490 |
1 |
|
|a Sustainable Agriculture Reviews,
|x 2210-4410 ;
|v 36
|
| 505 |
0 |
|
|a Preface -- Chapter 1. Nutritional and Additive Uses of Chitin and Chitosan in the Food Industry -- Chapter 2. Chitosan for Seafood Processing and Preservation -- Chapter 3. Applications of Chitosan as Food Packaging Materials -- Chapter 4. Applications of Chitin in Agriculture -- Chapter 5. Chitosan-Based Hydrogels -- Chapter 6. Chitin and Chitosan in Drug Delivery -- Chapter 7. Application of Chitosan-Based Formulations in Controlled Drug Delivery -- Chapter 8. Design of Nano-Chitosans for Tissue Engineering and Molecular Delivery -- Chapter 9. Chitosan for Direct Bioflocculation Processes -- Chapter 10. Cross-linked Chitosan Hydrogels for Dye Removal.
|
| 520 |
|
|
|a This book reviews recent research and applications of chitin and chitosan, as natural alternatives of fossil fuel products, in medicine and pharmacy, agriculture, food science and water treatment. Chitin and chitosan products are polysaccharides derived from food waste of crustaceans and fungi, and thus are cheap, abundant, sustainable, non-toxic, recyclable and biocompatible. Remarkable applications include food additives and preservation, packaging materials, biopesticides and fertilisers, drug delivery, tissue engineering, bioflocculation and dye removal.
|
| 650 |
|
0 |
|a Agriculture.
|
| 650 |
|
0 |
|a Biomedical engineering.
|
| 650 |
|
0 |
|a Water pollution.
|
| 650 |
|
0 |
|a Environmental chemistry.
|
| 650 |
|
0 |
|a Food-Biotechnology.
|
| 650 |
1 |
4 |
|a Agriculture.
|0 http://scigraph.springernature.com/things/product-market-codes/L11006
|
| 650 |
2 |
4 |
|a Biomedical Engineering/Biotechnology.
|0 http://scigraph.springernature.com/things/product-market-codes/B24000
|
| 650 |
2 |
4 |
|a Waste Water Technology / Water Pollution Control / Water Management / Aquatic Pollution.
|0 http://scigraph.springernature.com/things/product-market-codes/U35040
|
| 650 |
2 |
4 |
|a Environmental Chemistry.
|0 http://scigraph.springernature.com/things/product-market-codes/U15000
|
| 650 |
2 |
4 |
|a Food Science.
|0 http://scigraph.springernature.com/things/product-market-codes/C15001
|
| 700 |
1 |
|
|a Crini, Grégorio.
|e editor.
|4 edt
|4 http://id.loc.gov/vocabulary/relators/edt
|
| 700 |
1 |
|
|a Lichtfouse, Eric.
|e editor.
|4 edt
|4 http://id.loc.gov/vocabulary/relators/edt
|
| 710 |
2 |
|
|a SpringerLink (Online service)
|
| 773 |
0 |
|
|t Springer eBooks
|
| 776 |
0 |
8 |
|i Printed edition:
|z 9783030165802
|
| 776 |
0 |
8 |
|i Printed edition:
|z 9783030165826
|
| 776 |
0 |
8 |
|i Printed edition:
|z 9783030165833
|
| 830 |
|
0 |
|a Sustainable Agriculture Reviews,
|x 2210-4410 ;
|v 36
|
| 856 |
4 |
0 |
|u https://doi.org/10.1007/978-3-030-16581-9
|z Full Text via HEAL-Link
|
| 912 |
|
|
|a ZDB-2-SBL
|
| 950 |
|
|
|a Biomedical and Life Sciences (Springer-11642)
|